Participation in adult education : (Record no. 34198)

MARC details
000 -LEADER
fixed length control field 01338cam a22002891 4500
001 - CONTROL NUMBER
control field hew59000039
003 - CONTROL NUMBER IDENTIFIER
control field DLC
005 - DATE AND TIME OF LATEST TRANSACTION
control field 20260227111509.0
008 - FIXED-LENGTH DATA ELEMENTS--GENERAL INFORMATION
fixed length control field 740128s1959 dcua f000 0 eng
010 ## - LIBRARY OF CONGRESS CONTROL NUMBER
LC control number hew59000039
035 ## - SYSTEM CONTROL NUMBER
System control number (OCoLC)783428
040 ## - CATALOGING SOURCE
Original cataloging agency DLC
Transcribing agency OClU
Modifying agency OCoLC
-- DLC
042 ## - AUTHENTICATION CODE
Authentication code premarc
050 00 - LIBRARY OF CONGRESS CALL NUMBER
Classification number L111
Item number .A72 no. 539
051 ## - LIBRARY OF CONGRESS COPY, ISSUE, OFFPRINT STATEMENT
Classification number LC5251
Item number .W3
082 ## - DEWEY DECIMAL CLASSIFICATION NUMBER
Classification number 374.973
110 1# - MAIN ENTRY--CORPORATE NAME
Corporate name or jurisdiction name as entry element United States.
Subordinate unit Office of Education.
245 10 - TITLE STATEMENT
Title Participation in adult education :
Remainder of title a statistical analysis of the adult education data obtained in the October 1957 Current Population Survey of the Bureau of the Census /
Statement of responsibility, etc. by Marie D. Wann and Marthine V. Woodward.
260 ## - PUBLICATION, DISTRIBUTION, ETC.
Place of publication, distribution, etc. [Washington] :
Name of publisher, distributor, etc. U.S. Dept. of Health, Education, and Welfare, Office of Education,
Date of publication, distribution, etc. 1959.
300 ## - PHYSICAL DESCRIPTION
Extent x, 37p. :
Other physical details diagrs., tables ;
Dimensions 27 cm.
440 #0 - SERIES STATEMENT/ADDED ENTRY--TITLE
Title Circular (United States. Office of Education) ;
Volume/sequential designation no. 539
501 ## - WITH NOTE
With note L111.A72 with: Baccalaureate degrees conferred by American colleges in the 17th and 18th centuries / Walter Crosby Eells. [Washington] : Office of Education, 1958. Bound together subsequent to publication.
Institution to which field applies DLC
650 #0 - SUBJECT ADDED ENTRY--TOPICAL TERM
Topical term or geographic name entry element Adult education
Form subdivision Statistics.
700 1# - ADDED ENTRY--PERSONAL NAME
Personal name Wann, Marie Di Mario,
Dates associated with a name 1911-
700 1# - ADDED ENTRY--PERSONAL NAME
Personal name Woodward, Marthine V.
Fuller form of name (Marthine Vance),
Dates associated with a name 1929-
710 1# - ADDED ENTRY--CORPORATE NAME
Corporate name or jurisdiction name as entry element United States.
Subordinate unit Bureau of the Census.

No items available.

Powered by Koha